| 000 | 00615nam a2200193Ia 4500 | ||
|---|---|---|---|
| 003 | OSt | ||
| 005 | 20200812132757.0 | ||
| 008 | 190216s9999||||xx |||||||||||||| ||und|| | ||
| 020 | _a9780306462436 | ||
| 040 | _coclc | ||
| 082 |
_a547 _bCAR/A |
||
| 100 |
_aCarey, Francis A _94068 |
||
| 245 | 0 |
_aAdvanced Organic Chemistry : _bPart A: Structure and Mechanisms / _cFrancis A Carey ; Richard J Sundberg |
|
| 250 | _a4th Ed. | ||
| 260 |
_bKluwer Academic / Plenum Publishers, _c1977. _aNew York: |
||
| 300 | _a823p | ||
| 650 | _aChemistry-Chemistry | ||
| 942 |
_cBK _2ddc _h547 _iCAR/A _k547 _mCAR/A |
||
| 999 |
_c2910 _d2910 |
||